000 00320nam a2200121Ia 4500
008 250110s9999 xx 000 0 und d
041 _aeng
100 _aKudale Pranjal
_9184173
245 _aConstruction Training Institute, Pune.
260 _bBNCA, Pune
_c2018
300 _a90p
700 _aGuide Name:Patwardhan Ravi
999 _c364129
_d364129